000
00269nam a2200109Ia 4500
008
220204s9999 xx 000 0 und d
082
_a
747
_b
WOR
245
0
_a
World of interiors
260
_a
London
_b
Charles Hammond
_c
1984
650
_a
Interior decoration
942
_c
BK
999
_c
38276
_d
38276